| 000 | 00487nam a2200169Ia 4500 | ||
|---|---|---|---|
| 999 |
_c34998 _d34998 |
||
| 003 | OSt | ||
| 005 | 20200201110347.0 | ||
| 008 | 190216s9999||||xx |||||||||||||| ||und|| | ||
| 040 | _coclc | ||
| 082 |
_a354.5400104 _bRAJ/M |
||
| 100 |
_aRajshekar, V T _9345 |
||
| 245 | 0 |
_aMerit, My Foot / _cV T Rajshekar |
|
| 260 |
_bDalit Sahitya Akademy, _c2006. _aBangalore: |
||
| 300 | _a45p | ||
| 650 | _aPolitics | ||
| 942 |
_cBK _2ddc _h354.5400104 _iRAJ/M _k354.5400104 _mRAJ/M |
||